[Event "DVM U20w 2023"]
[Site "Magdeburg GER"]
[Date "2023.12.29"]
[Round "6"]
[White "Hafermann, Lara"]
[Black "Wilmink, Anna"]
[Result "0-1"]
[Termination "normal"]
[Board "1.1"]
[WhiteElo "1575"]
[BlackElo "1826"]
[WhiteClock "00:14:47"]
[BlackClock "00:12:20"]
[WhiteTeam "SC Borussia Lichtenberg"]
[BlackTeam "SK Nordhorn-Blanke"]
[PlyCount "102"]
[WhiteFideId "16298306"]
[BlackFideId "16273680"]
[EventCountry "GER"]
[EventRounds "7"]
[EventType "team-swiss"]
[EventDate "2023.12.26"]

1. d4 {[%clk 01:30:52]} {[%emt 00:00:08]} Nf6 {[%clk 01:30:43]} {[%emt
00:00:16]} 2. Nf3 {[%clk 01:31:16]} {[%emt 00:00:07]} d5 {[%clk 01:31:00]}
{[%emt 00:00:12]} 3. e3 {[%clk 01:31:07]} {[%emt 00:00:41]} c5 {[%clk
01:31:13]} {[%emt 00:00:16]} 4. b3 {[%clk 01:30:06]} {[%emt 00:01:30]} Nc6
{[%clk 01:31:24]} {[%emt 00:00:19]} 5. Bd3 {[%clk 01:26:05]} {[%emt 00:04:32]}
Bg4 {[%clk 01:30:09]} {[%emt 00:01:44]} 6. Bb2 {[%clk 01:26:16]} {[%emt
00:00:19]} e6 {[%clk 01:29:17]} {[%emt 00:01:22]} 7. Nbd2 {[%clk 01:21:45]}
{[%emt 00:05:02]} Be7 {[%clk 01:23:03]} {[%emt 00:06:44]} 8. O-O {[%clk
01:19:51]} {[%emt 00:02:24]} O-O {[%clk 01:22:37]} {[%emt 00:00:56]} 9. a3
{[%clk 01:14:07]} {[%emt 00:06:15]} a6 {[%clk 01:19:14]} {[%emt 00:03:53]} 10.
Rc1 {[%clk 01:11:44]} {[%emt 00:02:53]} Rc8 {[%clk 01:11:11]} {[%emt 00:08:33]}
11. Qe2 {[%clk 01:01:56]} {[%emt 00:10:18]} b5 {[%clk 01:02:39]} {[%emt
00:09:02]} 12. dxc5 {[%clk 00:59:50]} {[%emt 00:02:36]} Bxc5 {[%clk 01:01:04]}
{[%emt 00:02:05]} 13. Qe1 {[%clk 00:44:57]} {[%emt 00:15:23]} Qe7 {[%clk
00:49:37]} {[%emt 00:11:57]} 14. e4 {[%clk 00:41:59]} {[%emt 00:03:27]} Bxa3
{[%clk 00:44:54]} {[%emt 00:05:14]} 15. Bxf6 {[%clk 00:37:25]} {[%emt
00:05:04]} Qxf6 {[%clk 00:43:44]} {[%emt 00:01:41]} 16. Ra1 {[%clk 00:36:50]}
{[%emt 00:01:05]} Bb4 {[%clk 00:41:46]} {[%emt 00:02:27]} 17. exd5 {[%clk
00:34:35]} {[%emt 00:02:45]} exd5 {[%clk 00:37:09]} {[%emt 00:05:07]} 18. Rxa6
{[%clk 00:33:26]} {[%emt 00:01:40]} Bxf3 {[%clk 00:35:59]} {[%emt 00:01:39]}
19. gxf3 {[%clk 00:32:33]} {[%emt 00:01:23]} Qg5+ {[%clk 00:35:30]} {[%emt
00:00:59]} 20. Kh1 {[%clk 00:32:57]} {[%emt 00:00:06]} Qxd2 {[%clk 00:35:00]}
{[%emt 00:00:59]} 21. Qxd2 {[%clk 00:31:45]} {[%emt 00:01:43]} Bxd2 {[%clk
00:35:20]} {[%emt 00:00:10]} 22. Rd1 {[%clk 00:29:34]} {[%emt 00:02:40]} Nb4
{[%clk 00:28:23]} {[%emt 00:07:28]} 23. Rb6 {[%clk 00:28:41]} {[%emt 00:01:24]}
Nxd3 {[%clk 00:27:15]} {[%emt 00:01:37]} 24. Rxd2 {[%clk 00:28:59]} {[%emt
00:00:12]} Nb4 {[%clk 00:25:34]} {[%emt 00:02:11]} 25. Rxb5 {[%clk 00:27:47]}
{[%emt 00:01:42]} Nxc2 {[%clk 00:25:33]} {[%emt 00:00:32]} 26. Rbxd5 {[%clk
00:25:58]} {[%emt 00:02:18]} Ne1 {[%clk 00:23:25]} {[%emt 00:02:37]} 27. f4
{[%clk 00:21:55]} {[%emt 00:04:33]} h6 {[%clk 00:21:23]} {[%emt 00:02:33]} 28.
f5 {[%clk 00:17:53]} {[%emt 00:04:32]} Rc1 {[%clk 00:20:46]} {[%emt 00:01:07]}
29. Rd1 {[%clk 00:17:57]} {[%emt 00:00:26]} Rxd1 {[%clk 00:20:03]} {[%emt
00:01:13]} 30. Rxd1 {[%clk 00:18:22]} {[%emt 00:00:04]} Re8 {[%clk 00:19:45]}
{[%emt 00:00:49]} 31. b4 {[%clk 00:17:40]} {[%emt 00:01:13]} Nc2 {[%clk
00:18:44]} {[%emt 00:01:31]} 32. Rb1 {[%clk 00:14:35]} {[%emt 00:03:34]} Rb8
{[%clk 00:17:39]} {[%emt 00:01:35]} 33. Rb2 {[%clk 00:14:18]} {[%emt 00:00:47]}
Nxb4 {[%clk 00:17:05]} {[%emt 00:01:04]} 34. Kg2 {[%clk 00:14:34]} {[%emt
00:00:13]} Rb6 {[%clk 00:16:36]} {[%emt 00:01:00]} 35. f4 {[%clk 00:14:15]}
{[%emt 00:00:49]} Kf8 {[%clk 00:15:05]} {[%emt 00:02:00]} 36. Kf3 {[%clk
00:14:26]} {[%emt 00:00:19]} Nd5 {[%clk 00:14:59]} {[%emt 00:00:37]} 37. Rd2
{[%clk 00:14:09]} {[%emt 00:00:47]} Nf6 {[%clk 00:14:54]} {[%emt 00:00:35]} 38.
Re2 {[%clk 00:13:57]} {[%emt 00:00:42]} Rb3+ {[%clk 00:14:28]} {[%emt
00:00:56]} 39. Kg2 {[%clk 00:14:04]} {[%emt 00:00:23]} Nd5 {[%clk 00:14:15]}
{[%emt 00:00:42]} 40. Re4 {[%clk 00:12:27]} {[%emt 00:02:07]} Rb4 {[%clk
00:12:54]} {[%emt 00:01:52]} 41. Kf3 {[%clk 00:12:29]} {[%emt 00:00:27]} Rxe4
{[%clk 00:12:17]} {[%emt 00:01:07]} 42. Kxe4 {[%clk 00:12:49]} {[%emt
00:00:11]} Nf6+ {[%clk 00:12:16]} {[%emt 00:00:31]} 43. Kf3 {[%clk 00:13:03]}
{[%emt 00:00:15]} Ke7 {[%clk 00:12:28]} {[%emt 00:00:19]} 44. h3 {[%clk
00:12:46]} {[%emt 00:00:46]} Kd6 {[%clk 00:12:35]} {[%emt 00:00:24]} 45. Ke3
{[%clk 00:13:00]} {[%emt 00:00:16]} Kc5 {[%clk 00:12:11]} {[%emt 00:00:54]} 46.
Kd3 {[%clk 00:13:04]} {[%emt 00:00:26]} Kd5 {[%clk 00:12:14]} {[%emt 00:00:26]}
47. Ke3 {[%clk 00:13:27]} {[%emt 00:00:07]} Kc4 {[%clk 00:12:23]} {[%emt
00:00:22]} 48. Kf3 {[%clk 00:13:48]} {[%emt 00:00:09]} Kd3 {[%clk 00:12:13]}
{[%emt 00:00:40]} 49. Kg3 {[%clk 00:14:09]} {[%emt 00:00:08]} Ke4 {[%clk
00:12:05]} {[%emt 00:00:39]} 50. Kh4 {[%clk 00:14:28]} {[%emt 00:00:11]} Kxf5
{[%clk 00:12:15]} {[%emt 00:00:20]} 51. Kg3 {[%clk 00:14:47]} {[%emt 00:00:10]}
Nh5+ {[%clk 00:12:20]} {[%emt 00:00:25]} 0-1

[Event "DVM U20w 2023"]
[Site "Magdeburg GER"]
[Date "2023.12.29"]
[Round "6"]
[White "Garbuz, Nicole"]
[Black "Hopp, Celina"]
[Result "1-0"]
[Termination "normal"]
[Board "1.2"]
[WhiteElo "1847"]
[BlackElo "1583"]
[WhiteClock "00:32:25"]
[BlackClock "00:20:19"]
[WhiteTeam "SK Nordhorn-Blanke"]
[BlackTeam "SC Borussia Lichtenberg"]
[PlyCount "43"]
[WhiteFideId "12990701"]
[BlackFideId "16235240"]
[EventCountry "GER"]
[EventRounds "7"]
[EventType "team-swiss"]
[EventDate "2023.12.26"]

1. e4 {[%clk 01:30:59]} e5 {[%clk 01:30:50]} {[%emt 00:00:10]} 2. Nf3 {[%clk
01:31:25]} {[%emt 00:00:04]} Nc6 {[%clk 01:31:07]} {[%emt 00:00:13]} 3. Bc4
{[%clk 01:31:45]} {[%emt 00:00:11]} Bc5 {[%clk 01:31:10]} {[%emt 00:00:27]} 4.
c3 {[%clk 01:31:54]} {[%emt 00:00:21]} Nf6 {[%clk 01:29:52]} {[%emt 00:01:48]}
5. d3 {[%clk 01:32:11]} {[%emt 00:00:13]} O-O {[%clk 01:29:23]} {[%emt
00:00:59]} 6. O-O {[%clk 01:30:59]} {[%emt 00:01:42]} d5 {[%clk 01:21:36]}
{[%emt 00:08:17]} 7. exd5 {[%clk 01:30:03]} {[%emt 00:01:25]} Nxd5 {[%clk
01:21:56]} {[%emt 00:00:10]} 8. h3 {[%clk 01:18:28]} {[%emt 00:12:05]} h6
{[%clk 01:08:32]} {[%emt 00:13:54]} 9. Re1 {[%clk 01:16:09]} {[%emt 00:02:49]}
Qd6 {[%clk 01:06:19]} {[%emt 00:02:43]} 10. b4 {[%clk 01:09:26]} {[%emt
00:07:13]} Ndxb4 {[%clk 00:55:42]} {[%emt 00:11:07]} 11. cxb4 {[%clk 01:09:44]}
{[%emt 00:00:11]} Bxb4 {[%clk 00:56:03]} {[%emt 00:00:09]} 12. Bd2 {[%clk
01:07:21]} {[%emt 00:02:53]} Bxd2 {[%clk 00:50:55]} {[%emt 00:05:38]} 13. Nbxd2
{[%clk 01:06:17]} {[%emt 00:01:35]} Bf5 {[%clk 00:48:32]} {[%emt 00:02:54]} 14.
Ne4 {[%clk 01:05:08]} {[%emt 00:01:39]} Qe7 {[%clk 00:42:20]} {[%emt 00:06:40]}
15. Ng3 {[%clk 01:00:41]} {[%emt 00:04:58]} Qf6 {[%clk 00:41:00]} {[%emt
00:01:50]} 16. Rb1 {[%clk 00:52:44]} {[%emt 00:08:26]} Rab8 {[%clk 00:32:07]}
{[%emt 00:09:24]} 17. Nxf5 {[%clk 00:44:02]} {[%emt 00:09:12]} Qxf5 {[%clk
00:32:01]} {[%emt 00:00:36]} 18. Bd5 {[%clk 00:42:08]} {[%emt 00:02:24]} Rfd8
{[%clk 00:28:11]} {[%emt 00:04:20]} 19. Bxc6 {[%clk 00:41:07]} {[%emt
00:01:30]} bxc6 {[%clk 00:26:03]} {[%emt 00:02:38]} 20. Rxb8 {[%clk 00:40:50]}
{[%emt 00:00:47]} Rxb8 {[%clk 00:26:25]} {[%emt 00:00:09]} 21. Nxe5 {[%clk
00:32:35]} {[%emt 00:08:45]} c5 {[%clk 00:20:19]} {[%emt 00:06:35]} 22. Nc6
{[%clk 00:32:25]} {[%emt 00:00:41]} 1-0

[Event "DVM U20w 2023"]
[Site "Magdeburg GER"]
[Date "2023.12.29"]
[Round "6"]
[White "Hasselmann, Isabelle Sophia"]
[Black "Brunner, Sophia"]
[Result "1/2-1/2"]
[Termination "normal"]
[Board "1.3"]
[WhiteElo "1324"]
[BlackElo "1777"]
[WhiteClock "00:28:37"]
[BlackClock "00:15:33"]
[WhiteTeam "SC Borussia Lichtenberg"]
[BlackTeam "SK Nordhorn-Blanke"]
[PlyCount "60"]
[WhiteFideId "16266951"]
[BlackFideId "12960683"]
[EventCountry "GER"]
[EventRounds "7"]
[EventType "team-swiss"]
[EventDate "2023.12.26"]

1. e4 {[%clk 01:30:59]} c6 {[%clk 01:30:52]} {[%emt 00:00:09]} 2. Nc3 {[%clk
01:31:15]} {[%emt 00:00:14]} d5 {[%clk 01:30:48]} {[%emt 00:00:34]} 3. Nf3
{[%clk 01:31:34]} {[%emt 00:00:12]} Bg4 {[%clk 01:30:31]} {[%emt 00:00:46]} 4.
Be2 {[%clk 01:31:00]} {[%emt 00:01:04]} e6 {[%clk 01:30:09]} {[%emt 00:00:52]}
5. O-O {[%clk 01:30:27]} {[%emt 00:01:03]} Nf6 {[%clk 01:29:53]} {[%emt
00:00:46]} 6. e5 {[%clk 01:29:56]} {[%emt 00:01:02]} Nfd7 {[%clk 01:29:51]}
{[%emt 00:00:32]} 7. d4 {[%clk 01:29:41]} {[%emt 00:00:44]} c5 {[%clk
01:26:03]} {[%emt 00:04:18]} 8. Re1 {[%clk 01:23:57]} {[%emt 00:06:14]} a6
{[%clk 01:24:04]} {[%emt 00:02:29]} 9. Ng5 {[%clk 01:18:51]} {[%emt 00:05:36]}
Bxe2 {[%clk 01:22:38]} {[%emt 00:01:56]} 10. Nxe2 {[%clk 01:19:06]} {[%emt
00:00:15]} Be7 {[%clk 01:22:08]} {[%emt 00:01:00]} 11. Nh3 {[%clk 01:17:18]}
{[%emt 00:02:18]} Nc6 {[%clk 01:21:34]} {[%emt 00:01:04]} 12. c3 {[%clk
01:15:26]} {[%emt 00:02:23]} Rc8 {[%clk 01:16:41]} {[%emt 00:05:22]} 13. Kh1
{[%clk 01:14:24]} {[%emt 00:01:32]} b5 {[%clk 01:09:21]} {[%emt 00:07:50]} 14.
f4 {[%clk 01:13:39]} {[%emt 00:01:15]} b4 {[%clk 01:01:22]} {[%emt 00:08:29]}
15. Rf1 {[%clk 01:12:58]} {[%emt 00:01:11]} g6 {[%clk 00:57:50]} {[%emt
00:04:03]} 16. g4 {[%clk 01:10:21]} {[%emt 00:03:07]} h5 {[%clk 00:51:58]}
{[%emt 00:06:22]} 17. f5 {[%clk 01:07:34]} {[%emt 00:03:16]} hxg4 {[%clk
00:49:15]} {[%emt 00:03:13]} 18. fxe6 {[%clk 01:06:53]} {[%emt 00:01:11]} fxe6
{[%clk 00:44:38]} {[%emt 00:05:06]} 19. Nhf4 {[%clk 01:04:51]} {[%emt
00:02:33]} Nf8 {[%clk 00:44:32]} {[%emt 00:00:36]} 20. Ng3 {[%clk 01:03:20]}
{[%emt 00:02:01]} bxc3 {[%clk 00:37:07]} {[%emt 00:07:55]} 21. bxc3 {[%clk
01:03:22]} {[%emt 00:00:27]} cxd4 {[%clk 00:37:01]} {[%emt 00:00:37]} 22. cxd4
{[%clk 01:03:29]} {[%emt 00:00:23]} Qb6 {[%clk 00:35:38]} {[%emt 00:01:53]} 23.
Be3 {[%clk 01:02:25]} {[%emt 00:01:34]} Qb2 {[%clk 00:32:40]} {[%emt 00:03:28]}
24. Bg1 {[%clk 00:57:54]} {[%emt 00:05:02]} Nb4 {[%clk 00:14:52]} {[%emt
00:18:17]} 25. Qa4+ {[%clk 00:34:03]} {[%emt 00:24:20]} Kd8 {[%clk 00:15:00]}
{[%emt 00:00:22]} 26. Qa5+ {[%clk 00:31:37]} {[%emt 00:02:57]} Kd7 {[%clk
00:14:15]} {[%emt 00:01:15]} 27. Qa4+ {[%clk 00:29:56]} {[%emt 00:02:12]} Kd8
{[%clk 00:14:21]} {[%emt 00:00:23]} 28. Qa5+ {[%clk 00:30:09]} {[%emt
00:00:17]} Kd7 {[%clk 00:14:44]} {[%emt 00:00:06]} 29. Qa4+ {[%clk 00:29:36]}
{[%emt 00:01:04]} Kd8 {[%clk 00:15:08]} {[%emt 00:00:05]} 30. Qa5+ {[%clk
00:28:37]} {[%emt 00:01:30]} Kd7 {[%clk 00:15:33]} {[%emt 00:00:05]} 1/2-1/2

[Event "DVM U20w 2023"]
[Site "Magdeburg GER"]
[Date "2023.12.29"]
[Round "6"]
[White "Müdder, Melanie"]
[Black "Buchholz, Maja Patricia"]
[Result "1-0"]
[Termination "normal"]
[Board "2.1"]
[WhiteElo "1888"]
[BlackElo "1945"]
[WhiteClock "00:44:09"]
[BlackClock "00:30:57"]
[WhiteTeam "SG Solingen"]
[BlackTeam "VSG 1880 Offenbach"]
[PlyCount "47"]
[WhiteFideId "12994103"]
[BlackFideId "16200500"]
[EventCountry "GER"]
[EventRounds "7"]
[EventType "team-swiss"]
[EventDate "2023.12.26"]

1. e4 {[%clk 01:30:57]} {[%emt 00:00:03]} e6 {[%clk 01:30:48]} {[%emt
00:00:13]} 2. d4 {[%clk 01:31:15]} {[%emt 00:00:12]} d5 {[%clk 01:31:06]}
{[%emt 00:00:11]} 3. Nd2 {[%clk 01:31:33]} {[%emt 00:00:12]} Be7 {[%clk
01:31:19]} {[%emt 00:00:17]} 4. Bd3 {[%clk 01:30:48]} {[%emt 00:01:15]} c5
{[%clk 01:31:28]} {[%emt 00:00:21]} 5. dxc5 {[%clk 01:30:11]} {[%emt 00:01:08]}
Nf6 {[%clk 01:31:28]} {[%emt 00:00:29]} 6. Qe2 {[%clk 01:28:08]} {[%emt
00:02:33]} O-O {[%clk 01:31:41]} {[%emt 00:00:17]} 7. Ngf3 {[%clk 01:27:51]}
{[%emt 00:00:48]} a5 {[%clk 01:31:48]} {[%emt 00:00:23]} 8. c3 {[%clk
01:25:47]} {[%emt 00:02:34]} Na6 {[%clk 01:30:19]} {[%emt 00:02:00]} 9. e5
{[%clk 01:24:48]} {[%emt 00:01:27]} Nd7 {[%clk 01:30:30]} {[%emt 00:00:19]} 10.
h4 {[%clk 01:24:46]} {[%emt 00:00:33]} f5 {[%clk 01:15:09]} {[%emt 00:15:51]}
11. Bxa6 {[%clk 01:24:46]} {[%emt 00:00:30]} bxa6 {[%clk 01:13:34]} {[%emt
00:02:04]} 12. c6 {[%clk 01:24:04]} {[%emt 00:01:13]} Nb8 {[%clk 01:00:16]}
{[%emt 00:13:48]} 13. Nb3 {[%clk 01:20:08]} {[%emt 00:04:26]} Nxc6 {[%clk
00:58:51]} {[%emt 00:01:55]} 14. Bg5 {[%clk 01:19:25]} {[%emt 00:01:12]} a4
{[%clk 00:53:43]} {[%emt 00:05:38]} 15. Bxe7 {[%clk 01:16:35]} {[%emt
00:03:21]} Qxe7 {[%clk 00:53:22]} {[%emt 00:00:51]} 16. Nbd4 {[%clk 01:16:14]}
{[%emt 00:00:51]} Na5 {[%clk 00:50:15]} {[%emt 00:03:36]} 17. Ng5 {[%clk
01:08:55]} {[%emt 00:07:49]} Bd7 {[%clk 00:47:40]} {[%emt 00:03:06]} 18. Qh5
{[%clk 00:58:57]} {[%emt 00:10:28]} h6 {[%clk 00:43:32]} {[%emt 00:04:37]} 19.
Qg6 {[%clk 00:48:53]} {[%emt 00:10:34]} hxg5 {[%clk 00:42:32]} {[%emt
00:01:30]} 20. hxg5 {[%clk 00:48:58]} {[%emt 00:00:25]} Nc6 {[%clk 00:30:55]}
{[%emt 00:12:08]} 21. Rh8+ {[%clk 00:43:21]} {[%emt 00:06:07]} Kxh8 {[%clk
00:31:06]} {[%emt 00:00:19]} 22. Qh5+ {[%clk 00:43:47]} {[%emt 00:00:03]} Kg8
{[%clk 00:31:00]} {[%emt 00:00:36]} 23. g6 {[%clk 00:44:09]} {[%emt 00:00:08]}
Nxe5 {[%clk 00:30:57]} {[%emt 00:00:34]} 24. Qh7# {[%emt 00:00:07]} 1-0

[Event "DVM U20w 2023"]
[Site "Magdeburg GER"]
[Date "2023.12.29"]
[Round "6"]
[White "Werner, Rosalie"]
[Black "Sereda, Yaroslava"]
[Result "1-0"]
[Termination "normal"]
[Board "2.2"]
[WhiteElo "1771"]
[BlackElo "1958"]
[WhiteClock "00:02:35"]
[BlackClock "00:00:44"]
[WhiteTeam "VSG 1880 Offenbach"]
[BlackTeam "SG Solingen"]
[PlyCount "119"]
[WhiteFideId "16223748"]
[BlackFideId "14178940"]
[EventCountry "GER"]
[EventRounds "7"]
[EventType "team-swiss"]
[EventDate "2023.12.26"]

1. e4 {[%clk 01:30:57]} {[%emt 00:00:03]} c5 {[%clk 01:30:55]} {[%emt
00:00:05]} 2. Nf3 {[%clk 01:31:18]} {[%emt 00:00:09]} Nc6 {[%clk 01:31:19]}
{[%emt 00:00:06]} 3. d4 {[%clk 01:31:41]} {[%emt 00:00:07]} cxd4 {[%clk
01:31:40]} {[%emt 00:00:09]} 4. Nxd4 {[%clk 01:32:03]} {[%emt 00:00:08]} e5
{[%clk 01:31:57]} {[%emt 00:00:14]} 5. Nb5 {[%clk 01:32:26]} {[%emt 00:00:06]}
d6 {[%clk 01:32:13]} {[%emt 00:00:14]} 6. c4 {[%clk 01:32:48]} {[%emt
00:00:08]} Be6 {[%clk 01:32:22]} {[%emt 00:00:21]} 7. N1c3 {[%clk 01:32:57]}
{[%emt 00:00:20]} a6 {[%clk 01:32:11]} {[%emt 00:00:42]} 8. Na3 {[%clk
01:33:21]} {[%emt 00:00:05]} g6 {[%clk 01:32:29]} {[%emt 00:00:13]} 9. Nc2
{[%clk 01:31:30]} {[%emt 00:02:20]} Bg7 {[%clk 01:31:46]} {[%emt 00:01:14]} 10.
Be2 {[%clk 01:31:37]} {[%emt 00:00:23]} Nf6 {[%clk 01:30:35]} {[%emt 00:01:42]}
11. O-O {[%clk 01:31:01]} {[%emt 00:01:05]} O-O {[%clk 01:30:01]} {[%emt
00:01:04]} 12. Bg5 {[%clk 01:30:58]} {[%emt 00:00:33]} h6 {[%clk 01:16:13]}
{[%emt 00:14:18]} 13. Be3 {[%clk 01:31:06]} {[%emt 00:00:22]} Rc8 {[%clk
01:11:49]} {[%emt 00:04:53]} 14. f3 {[%clk 01:30:24]} {[%emt 00:01:12]} Na5
{[%clk 01:02:16]} {[%emt 00:10:03]} 15. b3 {[%clk 01:27:59]} {[%emt 00:02:55]}
Qc7 {[%clk 00:50:10]} {[%emt 00:12:36]} 16. Rc1 {[%clk 01:23:16]} {[%emt
00:05:13]} Nc6 {[%clk 00:47:38]} {[%emt 00:03:02]} 17. Qd2 {[%clk 01:22:04]}
{[%emt 00:01:42]} Kh7 {[%clk 00:42:48]} {[%emt 00:05:20]} 18. Rfd1 {[%clk
01:21:52]} {[%emt 00:00:42]} Ne8 {[%clk 00:40:03]} {[%emt 00:03:16]} 19. Na4
{[%clk 00:59:06]} {[%emt 00:23:15]} f5 {[%clk 00:29:56]} {[%emt 00:10:38]} 20.
Nb6 {[%clk 00:54:19]} {[%emt 00:05:17]} Rd8 {[%clk 00:28:00]} {[%emt 00:02:26]}
21. Nd5 {[%clk 00:53:17]} {[%emt 00:01:31]} Qf7 {[%clk 00:27:23]} {[%emt
00:01:07]} 22. b4 {[%clk 00:49:16]} {[%emt 00:04:31]} Nf6 {[%clk 00:22:34]}
{[%emt 00:05:20]} 23. b5 {[%clk 00:34:49]} {[%emt 00:14:56]} axb5 {[%clk
00:22:16]} {[%emt 00:00:49]} 24. cxb5 {[%clk 00:34:43]} {[%emt 00:00:37]} Ne7
{[%clk 00:20:06]} {[%emt 00:02:39]} 25. Nxf6+ {[%clk 00:34:03]} {[%emt
00:01:09]} Qxf6 {[%clk 00:20:16]} {[%emt 00:00:20]} 26. a4 {[%clk 00:33:39]}
{[%emt 00:00:54]} d5 {[%clk 00:19:03]} {[%emt 00:01:44]} 27. exd5 {[%clk
00:29:38]} {[%emt 00:04:30]} Nxd5 {[%clk 00:18:47]} {[%emt 00:00:47]} 28. Bc5
{[%clk 00:25:54]} {[%emt 00:04:13]} Nf4 {[%clk 00:14:33]} {[%emt 00:04:45]} 29.
Qe3 {[%clk 00:23:41]} {[%emt 00:02:42]} Rxd1+ {[%clk 00:13:23]} {[%emt
00:01:40]} 30. Rxd1 {[%clk 00:23:37]} {[%emt 00:00:34]} Rc8 {[%clk 00:13:24]}
{[%emt 00:00:30]} 31. Rd2 {[%clk 00:21:44]} {[%emt 00:02:24]} Qg5 {[%clk
00:09:29]} {[%emt 00:04:24]} 32. Bf1 {[%clk 00:20:50]} {[%emt 00:01:23]} Bf8
{[%clk 00:03:02]} {[%emt 00:06:58]} 33. Bxf8 {[%clk 00:18:18]} {[%emt
00:03:01]} Rxf8 {[%clk 00:02:10]} {[%emt 00:01:23]} 34. Rd6 {[%clk 00:17:27]}
{[%emt 00:01:20]} Rc8 {[%clk 00:01:45]} {[%emt 00:00:55]} 35. Qd2 {[%clk
00:15:14]} {[%emt 00:02:43]} Qe7 {[%clk 00:01:31]} {[%emt 00:00:45]} 36. Nb4
{[%clk 00:14:19]} {[%emt 00:01:25]} Rc7 {[%clk 00:01:05]} {[%emt 00:00:55]} 37.
g3 {[%clk 00:11:25]} {[%emt 00:03:24]} Nh5 {[%clk 00:01:03]} {[%emt 00:00:33]}
38. Nd5 {[%clk 00:08:33]} {[%emt 00:03:21]} Bxd5 {[%clk 00:01:19]} {[%emt
00:00:14]} 39. Qxd5 {[%clk 00:08:50]} {[%emt 00:00:13]} Nf6 {[%clk 00:00:52]}
{[%emt 00:00:57]} 40. Qe6 {[%clk 00:08:52]} {[%emt 00:00:28]} Kg7 {[%clk
00:00:41]} {[%emt 00:00:42]} 41. a5 {[%clk 00:03:41]} {[%emt 00:05:40]} Qxe6
{[%clk 00:25:49]} {[%emt 00:05:23]} 42. Rxe6 {[%clk 00:33:59]} {[%emt
00:00:12]} e4 {[%clk 00:25:56]} {[%emt 00:00:23]} 43. a6 {[%clk 00:29:22]}
{[%emt 00:05:06]} bxa6 {[%clk 00:24:36]} {[%emt 00:01:50]} 44. bxa6 {[%clk
00:28:24]} {[%emt 00:01:28]} exf3 {[%clk 00:23:05]} {[%emt 00:02:01]} 45. Rb6
{[%clk 00:26:36]} {[%emt 00:02:18]} Nd7 {[%clk 00:17:08]} {[%emt 00:06:27]} 46.
Rb5 {[%clk 00:17:27]} {[%emt 00:09:39]} Kf6 {[%clk 00:15:37]} {[%emt 00:02:02]}
47. Kf2 {[%clk 00:15:50]} {[%emt 00:02:07]} Rc2+ {[%clk 00:03:21]} {[%emt
00:12:46]} 48. Kxf3 {[%clk 00:13:38]} {[%emt 00:02:42]} Ra2 {[%clk 00:03:01]}
{[%emt 00:00:49]} 49. Rb7 {[%clk 00:04:23]} {[%emt 00:09:45]} Ne5+ {[%clk
00:03:25]} {[%emt 00:00:07]} 50. Ke3 {[%clk 00:04:23]} {[%emt 00:00:28]} Ng4+
{[%clk 00:02:11]} {[%emt 00:01:46]} 51. Kd4 {[%clk 00:04:19]} {[%emt 00:00:33]}
Nxh2 {[%clk 00:01:44]} {[%emt 00:00:58]} 52. Bc4 {[%clk 00:04:23]} {[%emt
00:00:25]} Ra4 {[%clk 00:01:38]} {[%emt 00:00:36]} 53. a7 {[%clk 00:03:18]}
{[%emt 00:01:34]} Nf3+ {[%clk 00:01:34]} {[%emt 00:00:35]} 54. Kc5 {[%clk
00:02:59]} {[%emt 00:00:48]} Ne5 {[%clk 00:00:51]} {[%emt 00:01:14]} 55. Bb5
{[%clk 00:03:02]} {[%emt 00:00:26]} Ra3 {[%clk 00:00:44]} {[%emt 00:00:38]} 56.
Rb6+ {[%clk 00:02:52]} {[%emt 00:00:40]} Kg5 {[%clk 00:00:50]} {[%emt
00:00:24]} 57. Ra6 {[%clk 00:02:45]} {[%emt 00:00:37]} Nd7+ {[%clk 00:00:44]}
{[%emt 00:00:37]} 58. Kd6 {[%clk 00:02:12]} {[%emt 00:01:02]} Rxa6+ {[%clk
00:00:36]} {[%emt 00:00:38]} 59. Bxa6 {[%clk 00:02:35]} {[%emt 00:00:07]} Nb6
{[%clk 00:00:44]} {[%emt 00:00:23]} 60. Kc6 {[%emt 00:00:46]} 1-0